000 00605cam a22002293a 4500
001 17806
003 PGUSA
005 20140828083359.0
008 060220s2006||||xxu|||||s|||||000 1 eng d
040 _aPGUSA
_beng
042 _adc
050 4 _aPS
100 1 _aKing, Charles,
_d1844-1933
245 1 0 _aFoes in Ambush
_h[electronic resource] /
_cCharles King
260 _bProject Gutenberg,
_c2006
506 _aPublic domain in the USA.
516 _aElectronic text
653 _aFiction
830 0 _aProject Gutenberg
_v17806
856 4 0 _uhttp://www.gutenberg.org/ebooks/17806
942 _cEB
999 _c247061
_d247061